01035 2200313 4500001002100000005001500021035002000036007000300056008004100059020002200100082001600122084001800138100004100156245016700197250001400364300004900378650003700427700003400464264004100498336002100539337003000560338002300590040002200613090002200635090002200657850001200679041000800691990002200699INLIS00000000084665420190430015228 a0010-0419001513ta190430s2018 yoia g | ind d a978-602-229-940-004223a808.066 a808.066 NYO c3 aNyoman Kutha Ratnad1944-ePengarang10aCara praktis menulis dan menerbitkan karya ilmiah :bmakalah, penelitian, skripsi, tesis, disertasi, dan buku /cNyoman Kutha Ratna; editor, Ni Made Diana Erfiani aCetakan I axviii, 620 halaman :btabel, grafik ;c23 cm 4aKarya Ilmiah--xTeknik penulisan3 aNi Made Diana ErfianieEditor aYogyakarta :bPustaka Pelajar,c2018 2rdacontentateks 2rdamediaatanpa perantara 2rdacarrieravolume aYOPDYOGbinderda aDEP 808.066 NYO c aCB-D.11 2018-1978 aYOPDYOG0 aind aCB-D.11/2018-1978